| Tag |
First Indicator |
Second Indicator |
Subfields |
| LEADER |
00000nam a2200000Ia 4500 |
| 001 |
in00004241213 |
| 005 |
20200807091639.0 |
| 006 |
m g d |
| 007 |
cr bn |||a|bb| |
| 008 |
840103s1657 enk o 00| | eng d |
| 035 |
|
|
|a (OCoLC)10261300
|
| 040 |
|
|
|a UMI
|c UMI
|d m/c
|d UMI
|d WaOLN
|
| 037 |
|
|
|a CL0037000047
|b ProQuest Information and Learning. 300 N. Zeeb Rd., Ann Arbor, MI 48106
|
| 090 |
|
|
|a BV109
|b .A86
|
| 049 |
|
|
|a UMIA
|
| 100 |
1 |
|
|a Aspinwall, William,
|d fl. 1648-1662.
|
| 245 |
1 |
4 |
|a The abrogation of the Jewish Sabbath, or, Sabbath of the 7th day of the week :
|b together with some brief observations upon two small treatises, 1. The unchangeable morality of the 7th day sabbath written by J.S., 2. The morality of the fourth commandment : in prosecution whereof sundry Scriptures are opened and cleered /
|c by William Aspinwall.
|
| 260 |
|
|
|a London :
|b Printed by J.C. for Livewel Chapman,
|c 1657.
|
| 300 |
|
|
|a 1 online resource ([2], 40 pages)
|
| 336 |
|
|
|a text
|b txt
|2 rdacontent
|
| 337 |
|
|
|a computer
|b c
|2 rdamedia
|
| 338 |
|
|
|a online resource
|b cr
|2 rdacarrier
|
| 500 |
|
|
|a Reproduction of original in the British Library.
|
| 510 |
4 |
|
|a Wing
|c A4003A.
|
| 533 |
|
|
|a Electronic reproduction.
|b Ann Arbor, Mich. :
|c UMI,
|d 1999-
|f (Early English books online)
|n Digital version of: (Early English books, 1641-1700 ; 1375:18)
|7 s1999 miun s
|
| 650 |
|
0 |
|a Sunday
|x Biblical teaching.
|
| 630 |
0 |
0 |
|a Morality of the fourth commandment.
|
| 600 |
0 |
0 |
|a J. S.
|t Unchangeable morality of the 7th day Sabbath.
|
| 740 |
0 |
|
|a Sabbath of the 7th day of the week.
|
| 730 |
0 |
|
|a Morality of the fourth commandment.
|
| 830 |
|
0 |
|a Early English books online.
|
| 856 |
4 |
0 |
|u http://proxy.library.tamu.edu/login?url=https://search.proquest.com/docview/2240946943
|z Connect to the full text of this electronic book
|t 0
|
| 999 |
f |
f |
|s 48d4215c-9c32-3830-ad80-730d7af5405f
|i 65676c9a-ba0b-3ceb-885b-6c433ba8e644
|t 0
|
| 952 |
f |
f |
|a Texas A&M University
|b College Station
|c Electronic Resources
|d Available Online
|t 0
|e BV109 .A86
|h Library of Congress classification
|
| 998 |
f |
f |
|a BV109 .A86
|t 0
|l Available Online
|